| 000 | 00849nam a2200217 i 4500 | ||
|---|---|---|---|
| 001 | 96462 | ||
| 003 | ES-MaACL | ||
| 005 | 20251207155239.0 | ||
| 007 | t| | ||
| 008 | 050627s1917 fr ab |||| | fre d | ||
| 100 | 1 |
_aMalet, Albert. _975754 |
|
| 245 | 1 | 3 |
_aL'antiquité _b: Orient, Grèce, Rome : rédigé conformément aux programmes du 31 Mai 1902 : classe de sixième / _cAlbert Malet ; avec la collaboration de M. Charles Maquet. |
| 260 |
_aParis : _bLahure, _c1917. |
||
| 300 |
_a438 p. : _bil., mapas ; _c19 cm. |
||
| 490 | 1 | _aCours complet d'histoire a l'usage de l'enseignement secondaire | |
| 650 | 0 | 4 |
_aHistoria antigua- _vLibros escolares. _9167120 |
| 700 | 1 |
_aMaquet, Charles. _976283 |
|
| 830 | 0 |
_aCours complet d'histoire a l'usage de l'enseignement secondaire _9184389 |
|
| 852 |
_aES-MaACL _jB-3133 |
||
| 999 |
_c96462 _d96462 |
||